Essentials of sociology : a down-to-earth approach
Αποθηκεύτηκε σε:
| Κύριος συγγραφέας: | |
|---|---|
| Μορφή: | Βιβλίο |
| Γλώσσα: | English |
| Δημοσίευση: |
Boston :
Allyn and Bacon,
c1998
|
| Έκδοση: | 2nd ed. |
| Θέματα: | |
| Ετικέτες: |
Προσθήκη ετικέτας
Δεν υπάρχουν, Καταχωρήστε ετικέτα πρώτοι!
|
MARC
| LEADER | 00000nam a2200000 i 4500 | ||
|---|---|---|---|
| 001 | 1/70479 | ||
| 008 | 990225s1998 eng d | ||
| 020 | |a 0-205-26557-X | ||
| 035 | |l 10048111 | ||
| 040 | |a GR-MY-UA |b gre |e aacr | ||
| 041 | 0 | |a eng | |
| 082 | 0 | |a 301 | |
| 100 | 1 | |a Henslin, James M. | |
| 245 | 1 | 0 | |a Essentials of sociology : |b a down-to-earth approach / |c James M. Henslin |
| 250 | |a 2nd ed. | ||
| 260 | |a Boston : |b Allyn and Bacon, |c c1998 | ||
| 300 | |a xxiv, 488 σ.; |b εικ. (μερ. έγχρ.), έγχρ. χάρτες; |c 26 εκ. | ||
| 504 | |a Περιέχει βιλιογραφικές παραπομπές (σ. 446-466) και ευρετήρια | ||
| 650 | 0 | 0 | |a Sociology. |
| 852 | |a INST |b LESVOS |e 19990225 |h 301 HEN |p 005100017071 |q 005100017071 |t BK |y 0 | ||
| 901 | |a BIBL-1999-1 | ||
| 909 | |a Λ |b 061241 | ||
| 922 | |a 1ΕΛΗ |b 199811 |c ΚΠΣ/ΤΚ |d ΠΑΠΑΣΩΤΗΡΙΟΥ | ||
| 950 | |a 103-1998-07-27 | ||